Improved Techniques for Frequency Limited Gramians based Model Order Reduction of 2D Systems / (Record no. 536495)
[ view plain ]
| 000 -LEADER | |
|---|---|
| fixed length control field | 00503nam a22001457a 4500 |
| 082 ## - DEWEY DECIMAL CLASSIFICATION NUMBER | |
| Classification number | 621.3 |
| 100 ## - MAIN ENTRY--PERSONAL NAME | |
| Personal name | Batool, Sammana |
| 245 ## - TITLE STATEMENT | |
| Title | Improved Techniques for Frequency Limited Gramians based Model Order Reduction of 2D Systems / |
| Statement of responsibility, etc. | Sammana Batool |
| 260 ## - PUBLICATION, DISTRIBUTION, ETC. | |
| Place of publication, distribution, etc. | Islamabad : |
| Name of publisher, distributor, etc. | CEME - NUST, |
| Date of publication, distribution, etc. | 2017. |
| 300 ## - PHYSICAL DESCRIPTION | |
| Extent | 47 p. ; |
| Dimensions | 30cm. |
| 650 ## - SUBJECT ADDED ENTRY--TOPICAL TERM | |
| Topical term or geographic name entry element | Electrical Engineering-MS-Thesis |
| 700 ## - ADDED ENTRY--PERSONAL NAME | |
| Personal name | Dr. Muwahida Liaquat |
| 942 ## - ADDED ENTRY ELEMENTS (KOHA) | |
| Source of classification or shelving scheme | |
| Koha item type | Thesis |
| 650 ## - SUBJECT ADDED ENTRY--TOPICAL TERM | |
| -- | 16073 |
| 700 ## - ADDED ENTRY--PERSONAL NAME | |
| -- | 17301 |
| Withdrawn status | Lost status | Source of classification or shelving scheme | Damaged status | Not for loan | Permanent Location | Current Location | Shelving location | Date acquired | Total Checkouts | Full call number | Barcode | Date last seen | Price effective from | Koha item type |
|---|---|---|---|---|---|---|---|---|---|---|---|---|---|---|
| Central Library (CL) | Central Library (CL) | Thesis | 10/16/2020 | 621.3 | CL-T-412 | 10/16/2020 | 10/16/2020 | Thesis |
